000 00287nam a2200109Ia 4500
008 220204s9999 xx 000 0 und d
082 _a581.48:633
_bKEL
100 _aKellyy, A Fenwick
245 0 _aSeed production of agricultural crops
260 _aNew York
_bLongman
_c1988
942 _cBK
999 _c39805
_d39805